000 00992nam a22002535i 4500
001 177728
003 ES-MaACL
005 20230906220410.0
008 110414s1948 be f |||| | fre d
080 _a730 Grard, Georges
100 1 _aBodart, Roger.
_9146199
245 1 0 _aGeorges Grard /
_cpar Roger Bodart.
260 _aAnvers ; Bruxelles :
_bDe Sikkel, pour le Ministere de l'Instruction Publique, les editions du Cercle d'Art,
_ccop. 1948.
300 _a15, [28] p. de lám. bl. y n. , [1] h. de lám. bl. y n. ;
_c25 cm.
490 1 _aMonographies de l'art belge. Deuxième Série ;
_v13
500 _aÍndice.
500 _aFalta 1 lámina, que ha sido cortada.
504 _aBibliografía: p. 13.
546 _aTexto en francés, leyenda de las ilustraciones en francés y holandés.
600 1 4 _aGrard, Georges.
_9146200
830 0 _aMonographies de l'art belge. Deuxième Série ;
_v13
_9190568
852 _aES-MaACL
_jE-14918
_xOlim P-972
999 _c177728
_d177728